000 00249nam a2200097Ia 4500
001 984050
005 20250826221017.0
008 250824s9999 xx 000 0 und d
245 0 _aDefine Avı-Rafadan Tayfa 3
_canonim
260 _bERDEM ÇOCUK YAYINLARI
999 _c984050
_d984050